Derechos de propiedad del Seguro Obligatorio de Salud en Colombia

Bibliographic Details
Main Author: Ramr̕ez Moreno, Jaime
Format: eBook
Language:Spanish
Published: Bogot:̀ Pontificia Universidad Javeriana, 2012
Subjects:
Online Access:Acceso restringido

MARC

LEADER 00000nam a22000007a 4500
005 2020120905305.0
007 cr|||| ||||
008 201209s2012 co |||||s|||| 00||0 spa d
020 |a 9789587167221 
035 |a 32249 
040 |a vLex 
090 |c 10928  |d 10928 
100 1 |a Ramr̕ez Moreno, Jaime 
245 1 0 |a Derechos de propiedad del Seguro Obligatorio de Salud en Colombia  |h [Recurso electrn̤ico] /  |c Jaime Ramr̕ez Moreno 
256 |a Servicio en ln̕ea 
260 |a Bogot:̀  |b Pontificia Universidad Javeriana,  |c 2012 
300 |a 1 recurso electrn̤ico 
500 |a En los sistemas de salud que no alcanzan la cobertura universal se generan complejas formas de asignacin̤ de los escasos recursos, esto origina procesos de inclusin̤ y exclusin̤ formal e informal de los ciudadanos en sistemas segmentados de derechos de proteccin̤ de riesgos y usos de servicios del cuidado de la salud. Estos complejos sistemas de derechos se ven reproducidos y ampliados por la existencia de formas de competencia de mercado y por definiciones normativas y legales que protegen y conservan las desigualdades. Este libro estudia, adems̀ de las aplicaciones conceptuales de las teora̕s de los derechos de propiedad, las desigualdades de apropiacin̤ de derechos a la proteccin̤ de riesgos, en funcin̤ de las caracters̕ticas sociales, laborales y demogrf̀icas de la poblacin̤ y sus implicaciones en el uso de los servicios del cuidado de la salud. Estas situaciones se analizan en el marco de los regm̕enes contributivo, exceptuados, subsidiado y de no afiliados. 
506 1 |a Disponible solo en los productos indicados  |d vLex Global  |d vLex Global (Academic Edition, excluding Law Schools)  |d vLex Global (U.S. Academic Edition, Law Schools)  |d vLex Global (U.S. Academic Edition, excluding Law Schools)  |d vLex Global (Academic Edition, Law Schools) 
650 0 4 |a Seguridad Social  |z Colombia 
740 0 |a vLex Libros (Servicio en ln̕ea) 
856 4 0 |u http://vlex.com/source/derechos-de-propiedad-del-seguro-obligatorio-de-salud-en-colombia-32249  |z Acceso restringido 
942 |c BOOK 
999 0 |a Social Security